000 00662nam a2200253Ia 4500
008 160901s9999 xx 000 0 und d
020 _a0-07-142804-6
050 _aComSc QA 76.9
050 _b.A25S53 2004
100 _aSlade, Robert M.
245 _aSoftware forensics :
245 _bcollecting evidence from the scene of a digital crime /
245 _cRobert M. Slade.
260 _aNew York :
260 _bMcGraw-Hill.,
260 _c2004
300 _a512 pages :
300 _bill. ;
300 _c24 cm.
500 _aIncludes index.
650 _aComputer security.
650 _aForensic sciences.
650 _xData protection.
999 _c300943
_d300943